Stories, 1904-1924 / (Record no. 233049)

000 -LEADER
fixed length control field 00857cam a2200241 a 4500
001 - CONTROL NUMBER
control field 3286206
003 - CONTROL NUMBER IDENTIFIER
control field Nust
005 - DATE AND TIME OF LATEST TRANSACTION
control field 20170228110033.0
008 - FIXED-LENGTH DATA ELEMENTS--GENERAL INFORMATION
fixed length control field 821123s1981 enk 000 1 eng
010 ## - LIBRARY OF CONGRESS CONTROL NUMBER
LC control number 82170446
020 ## - INTERNATIONAL STANDARD BOOK NUMBER
International Standard Book Number 9780349106595
040 ## - CATALOGING SOURCE
Original cataloging agency DLC
Transcribing agency DLC
Modifying agency DLC
041 1# - LANGUAGE CODE
Language code of text/sound track or separate title engger
050 00 - LIBRARY OF CONGRESS CALL NUMBER
Classification number PT2621.A26
Item number A28 1981
082 00 - DEWEY DECIMAL CLASSIFICATION NUMBER
Classification number 833.912
Author Mark KAF
100 1# - MAIN ENTRY--PERSONAL NAME
Personal name Kafka, Franz,
Dates associated with a name 1883-1924.
240 10 - UNIFORM TITLE
Uniform title Short stories.
Form subheading Selections.
Language of a work English
245 10 - TITLE STATEMENT
Title Stories, 1904-1924 /
Statement of responsibility, etc. Franz Kafka ;
260 ## - PUBLICATION, DISTRIBUTION, ETC.
Place of publication, distribution, etc. London :
Name of publisher, distributor, etc. Macdonald,
Date of publication, distribution, etc. 1981.
300 ## - PHYSICAL DESCRIPTION
Extent 271 p. ;
Dimensions 23 cm.
600 10 - SUBJECT ADDED ENTRY--PERSONAL NAME
Personal name Kafka, Franz,
Dates associated with a name 1883-1924
General subdivision Translations into English.
650 ## - SUBJECT ADDED ENTRY--TOPICAL TERM
Topical term or geographic name entry element Fiction
906 ## - LOCAL DATA ELEMENT F, LDF (RLIN)
a 7
b cbc
c orignew
d 2
e ncip
f 19
g y-gencatlg
942 ## - ADDED ENTRY ELEMENTS (KOHA)
Source of classification or shelving scheme
Koha item type Book
Holdings
Withdrawn status Lost status Source of classification or shelving scheme Damaged status Not for loan Permanent Location Current Location Shelving location Date acquired Total Checkouts Total Renewals Full call number Barcode Checked out Date last seen Date last checked out Copy number Price effective from Koha item type
          Central Library (CL) Central Library (CL) Fiction 02/28/2017 11 11 833.912 KAF CL1074 03/03/2026 02/01/2026 02/01/2026 1 02/28/2017 Book
© 2023 Central Library, National University of Sciences and Technology. All Rights Reserved.